Trans-Mississippi Mails After the Fall of Vicksburg (Record no. 1192)

000 -LEADER
fixed length control field 00345nam a22001337a 4500
003 - CONTROL NUMBER IDENTIFIER
control field OSt
008 - FIXED-LENGTH DATA ELEMENTS--GENERAL INFORMATION
fixed length control field 150407b xxu||||| |||| 00| 0 eng d
020 ## - INTERNATIONAL STANDARD BOOK NUMBER
International Standard Book Number 0-911989-13-7
041 ## - LANGUAGE CODE
Language code of text/sound track or separate title eng
100 1# - MAIN ENTRY--PERSONAL NAME
Personal name Krieger, Richard
245 10 - TITLE STATEMENT
Title Trans-Mississippi Mails After the Fall of Vicksburg
260 ## - PUBLICATION, DISTRIBUTION, ETC. (IMPRINT)
Place of publication, distribution, etc. New York
Name of publisher, distributor, etc. Philatelic Foundation
300 ## - PHYSICAL DESCRIPTION
Extent 0 pages
Holdings
Withdrawn status Lost status Source of classification or shelving scheme Damaged status Not for loan Collection code Permanent Location Current Location Date acquired Total Checkouts Full call number Barcode Date last seen Copy number Price effective from Koha item type Shelving location
          Richard Drews Northern Philatelic Library Northern Philatelic Library 04/07/2015   G3861 .P859 K92 1001483 06/28/2015 1 06/28/2015 Books  
            Northern Philatelic Library Northern Philatelic Library 04/02/2018   G3861 .P859 K92 1005038 04/02/2018 2 04/02/2018   General Stacks

Powered by Koha